LEADER 01029cam0 2200277 450 001 E600200072500 005 20201019084650.0 100 $a20110311d1990 |||||ita|0103 ba 101 $aita 102 $aIT 200 1 $aProlegomeni all'ontologia dell'essere sociale$equestioni di principio di un'ontologia oggi divenuta possibile$fGyörgy Lukács$gintr. Nicolas Tertulian 210 $aMilano$cGuerini e Associati$d1990 215 $aXXVII, 354 p.$d20 cm 225 2 $aSocrates$v7 410 1$1001LAEC00016383$12001 $a*Socrates$v7 700 1$aLukács$b, György$3AF00004449$4070$0384918 702 1$aTertulian, Nicolas$3A600200064431$4070 801 0$aIT$bUNISOB$c20201019$gRICA 850 $aUNISOB 852 $aUNISOB$j100$m60054 912 $aE600200072500 940 $aM 102 Monografia moderna SBN 941 $aM 957 $a100$b005289$gSi$d60054$racquisto$1massimo$2UNISOB$3UNISOB$420110311151955.0$520201019084633.0$6Alfano 996 $aProlegomeni all'ontologia dell'essere sociale$9277655 997 $aUNISOB LEADER 01693nam 2200385z- 450 001 9910346886403321 005 20210212 010 $a1000033927 035 $a(CKB)4920000000101658 035 $a(oapen)https://directory.doabooks.org/handle/20.500.12854/61472 035 $a(oapen)doab61472 035 $a(EXLCZ)994920000000101658 100 $a20202102d2013 |y 0 101 0 $aeng 135 $aurmn|---annan 181 $ctxt$2rdacontent 182 $cc$2rdamedia 183 $acr$2rdacarrier 200 00$aUltrafast Dynamics of Metalloporphyrins, DNA and Iron-Lanthanide Clusters in the Liquid Phase 210 $cKIT Scientific Publishing$d2013 215 $a1 online resource (XII, 159 p. p.) 311 08$a3-86644-999-2 330 $aUltraschnelle Dynamik von verschiedenen organischen und anorganischen molekularen Systemen wurde unter Verwendung der zeitaufgelo?ste Anregungs-Abfrage-Technik in Kombination mit anderen spektroskopischen Methoden untersucht. Diese Dynamik umfasst, z.B. die Relaxationsprozesse in Metalloporphyrins, die Ladungstransfer zwischen Donor und Akzeptor durch DANN-Doppelhelix sowie die Dynamik von Ladungstra?ger in anorganischen nanostrukturierten zyklischen koordinierten Eisen-Lanthanoide Clustern. 606 $aChemistry$2bicssc 610 $aDNA 610 $aFemtosecond Spectroscopy 610 $aLanthanide 610 $aMetalloporphyrin 610 $aUltrafast Dynamics 615 7$aChemistry 700 $aLiang$b Yu$4auth$01257790 906 $aBOOK 912 $a9910346886403321 996 $aUltrafast Dynamics of Metalloporphyrins, DNA and Iron-Lanthanide Clusters in the Liquid Phase$93026755 997 $aUNINA